15 Ciudades más grandes de España - Estadísticas

Estadísticas generales
  • Esta prueba ha sido intentada 59 veces
    22 desde el último reinicio
  • La puntuación promedio es 14 de 15
Respuestas en el mapa
Las respuestas están codificadas por una escala verde-roja en el mapa de la prueba según el % correcto abajo.
 
Estadísticas de respuestas
Ciudad Poblacion % Correcto
Barcelona 1,7 milion
100%
Bilbao 350m
100%
Cordoba 320m
100%
Madrid 3,4 milion
100%
Sevilla 690m
100%
Valencia 820m
100%
Zaragoza 690m
100%
Alicante 360m
95%
Malaga 590m
95%
Murcia 470m
95%
Valladolid 300m
95%
Las Palmas de Gran Canaria 380m
90%
Palma 440m
90%
Vigo 300m
90%
L'Hospitalet de Llobregat 280m
76%
No se encontraron pruebas coincidentes
Distribución de puntuación
Porcentaje de gente con cada puntuación
Porcentaje por número respondido
Historial de tus puntuaciones
No has intentado esta prueba desde el último reinicio